000 00532nam a22001817a 4500
003 NUST
005 20260312113050.0
008 260312b ||||| |||| 00| 0 eng d
020 _a 978-9811036415
082 _a551.6
_bWEI
100 _a Weihong Qian.
_9133676
245 _aTemporal Climatology and Anomalous Weather Analysis /
_bSpringer Atmospheric Sciences /
_c Weihong Qian.
250 _a1st edition
260 _aSwitzerland:
_bSpringer,
_c2017.
300 _a679 p ;
_c29.5 cm
563 _aHardcover
942 _2ddc
_cBK
999 _c616639
_d616639